Space Quiz A-Z - Statistics

General Stats
  • This quiz has been taken 20 times
  • The average score is 17 of 26
Answer Stats
Hint Answer % Correct
E) Event that occurs when the moon blocks thelight of the Sun Eclipse
100%
H) The most abundant element in the universe Hydrogen
94%
M) The closest planet to the Sun Mercury
94%
U) Giant planet that spins on a side axis in a 98 degree angle Uranus
94%
V) Inner planet that spins in retrograde Venus
89%
G) Famous astronomer who discovered themoons of Jupiter Galileo Galilei
83%
O) Constellation of 3 stars that form a belt shapein the night sky Orion
83%
P) The 4th phase of matter of which the Sunis made of Plasma
83%
S) The massive explosion of a star that ejects all mass Supernova
83%
X) High energy, charged particles. Used in medical imaging X Ray
83%
D) A invisible type of matter that holds thegalaxies together as a glue Dark Matter
78%
N) A giant, interstellar gas cloud Nebula
78%
T) The largest moon of Saturn Titan
78%
C) The formed groups of stars in a collective area, often named for mythical animals Constellation
72%
R) A dying star in the final stages of evolution, the Sun willbecome one in 5 billion years Red Giant
67%
B) Giant space of dense gravity at the center of the solar system Black Hole
61%
Z) The point in the sky directly above a viewer Zenith
56%
A) The distance from the Sunto the Earth, measured in AU Astronomical Unit
50%
K) Donut shaped region of dwarf planets beyond Neptune that includes Pluto Kuiper Belt
50%
Q) The luminous, energetic cores of distant galaxies powered by supermassive black holes actively consuming matter Quasar
50%
I) Charged region of the Earths upper atmosphere Ionosphere
39%
W) Phase of the moon between half and full Waxing Gibbous
33%
Y) Type of star the sun is currently in Yellow Dwarf
28%
F) Also called a meteor, a rock that burns upin the Earths atmosphere Falling Star
22%
L) measure of the total amount of energy radiatedby a star or other celestial object per second Luminosity
22%
J) Term used for the 4 major planets of theSolar system Jovian
11%
No matching quizzes found
Score Distribution
Percent of People with Each Score
Percentile by Number Answered
Your Score History
You have not taken this quiz